Organic Chemistry (Record no. 10635)

MARC details
000 -LEADER
fixed length control field 00386nam a22001697a 4500
003 - CONTROL NUMBER IDENTIFIER
control field OSt
008 - FIXED-LENGTH DATA ELEMENTS--GENERAL INFORMATION
fixed length control field 210519b ||||| |||| 00| 0 eng d
020 ## - INTERNATIONAL STANDARD BOOK NUMBER
International Standard Book Number 9789353948450
082 ## - DEWEY DECIMAL CLASSIFICATION NUMBER
Classification number 547 BRO
100 ## - MAIN ENTRY--PERSONAL NAME
Personal name BRUICE,Paula Yurkanis
245 ## - TITLE STATEMENT
Title Organic Chemistry
250 ## - EDITION STATEMENT
Edition statement 8th
260 ## - PUBLICATION, DISTRIBUTION, ETC. (IMPRINT)
Place of publication, distribution, etc New Delhi
Name of publisher, distributor, etc Pearson
Date of publication, distribution, etc 2021
300 ## - PHYSICAL DESCRIPTION
Extent 1360
650 ## - SUBJECT ADDED ENTRY--TOPICAL TERM
Topical term or geographic name as entry element Applied Sc
942 ## - ADDED ENTRY ELEMENTS (KOHA)
Source of classification or shelving scheme Dewey Decimal Classification
Koha item type Text Books
942 ## - ADDED ENTRY ELEMENTS (KOHA)
-- 1
Holdings
Withdrawn status Lost status Source of classification or shelving scheme Damaged status Not for loan Collection code Home library Current library Date acquired Source of acquisition Currency Cost, normal purchase price Bill Number Total Checkouts Full call number Acc. no. / Barcode Date last seen Actual Cost, discounted price Bill Date Koha item type Date last borrowed
    Dewey Decimal Classification     Applied Sc. PIET C-LIBRARY PIET C-LIBRARY 13/04/2021 Kirti Praskshan IN Rupees 1099.00 IN2034   547 BRO 32800 19/05/2021 758.51 13/04/2021 Reference Books  
    Dewey Decimal Classification     Applied Sc. PIET C-LIBRARY PIET C-LIBRARY 13/04/2021 Kirti Praskshan IN Rupees 1099.00 IN2034   547 BRO 32801 19/05/2021 758.51 13/04/2021 Text Books  
    Dewey Decimal Classification     Applied Sc. PIET C-LIBRARY PIET C-LIBRARY 13/04/2021 Kirti Praskshan IN Rupees 1099.00 IN2034   547 BRO 32802 19/05/2021 758.51 13/04/2021 Text Books  
    Dewey Decimal Classification     Applied Sc. PIET C-LIBRARY PIET C-LIBRARY 13/04/2021 Kirti Praskshan IN Rupees 1099.00 IN2034   547 BRO 32803 19/05/2021 758.51 13/04/2021 Text Books  
    Dewey Decimal Classification     Applied Sc. PIET C-LIBRARY PIET C-LIBRARY 13/04/2021 Kirti Praskshan IN Rupees 1099.00 IN2034   547 BRO 32804 19/05/2021 758.51 13/04/2021 Text Books  
    Dewey Decimal Classification     Applied Sc. PIET C-LIBRARY PIET C-LIBRARY 09/06/2021 Kirti Praskshan IN Rupees 1099.00 IN2118   547 BRO 32957 07/07/2021 758.31 09/06/2021 Text Books  
    Dewey Decimal Classification     Applied Sc. PIET C-LIBRARY PIET C-LIBRARY 09/06/2021 Kirti Praskshan IN Rupees 1099.00 IN2118 1 547 BRO 32958 31/12/2021 758.31 09/06/2021 Text Books 21/12/2021
    Dewey Decimal Classification     Applied Sc. PIET C-LIBRARY PIET C-LIBRARY 09/06/2021 Kirti Praskshan IN Rupees 1099.00 IN2118   547 BRO 32959 07/07/2021 758.31 09/06/2021 Text Books  
    Dewey Decimal Classification     Applied Sc. PIET C-LIBRARY PIET C-LIBRARY 09/06/2021 Kirti Praskshan IN Rupees 1099.00 IN2118   547 BRO 32960 07/07/2021 758.31 09/06/2021 Text Books  
    Dewey Decimal Classification     Applied Sc. PIET C-LIBRARY PIET C-LIBRARY 09/06/2021 Kirti Praskshan IN Rupees 1099.00 IN2118   547 BRO 32961 07/07/2021 758.31 09/06/2021 Text Books  

Design & Developed by: PIET Central Library
R70 Miles Stone Pattikalyana Samalkha Panipat 132102
mail ID :- [email protected], Phone No:- 0180-2569700 Ex.216